| 000 | 00450nam a2200181Ia 4500 | ||
|---|---|---|---|
| 005 | 20230913093710.0 | ||
| 008 | 131103s9999 xx 000 0 und d | ||
| 040 | _aLoreto College | ||
| 041 | _aEnglish | ||
| 082 |
_a242 _bKNO |
||
| 100 | _aKnox, Ronald | ||
| 245 |
_aRetreat In Slow Motion _cRonald Knox |
||
| 260 |
_aLondon _bSheed and Ward _cc 1960 |
||
| 300 | _a234p. | ||
| 650 | _aDevotional literature | ||
| 850 | _aLCLIB | ||
| 942 | _cBK | ||
| 999 |
_c23035 _d73514 |
||